000 00419 a2200145 4500
999 _c5435
_d5435
020 _a9780435401948
050 _aTH6122PHO2005
100 _aPhoenix, Mike
245 _aPlumbing
_bNVQ and Technical Certificate level 2
_cMike Phoenix and John Thompson
264 _aOxford
_bHeinman Educational Publishers
_c2005
300 _a405p.
500 _aIncludes index
650 _aPlumbing
942 _2lcc
_cBK
_h6122
_iPHO
_kTH